Trust Megadeth lyrics - Statistics

General Stats
  • This quiz has been taken 15 times
  • The average score is 94 of 131
Answer Stats
% Correct
a
100%
dream
100%
from
100%
go
100%
I
100%
(I
100%
"I
100%
in
100%
it
100%
last
100%
Lost
100%
mistakes
100%
nothing
100%
seems
100%
aches
86%
and
86%
be
86%
body
86%
but
86%
But
86%
by
86%
confess
86%
each
86%
for
86%
let
86%
lied
86%
lust
86%
much
86%
must
86%
my
86%
My
86%
other
86%
said
86%
say
86%
smile
86%
so
86%
that
86%
That
86%
to
86%
trust
86%
trust)
86%
"Trust
86%
try
86%
we
86%
We
86%
what
86%
Yes
86%
again
71%
another
71%
as
71%
away
71%
Betrayed
71%
eyes
71%
filled
71%
goodbyes
71%
head
71%
is
71%
nothing's
71%
our
71%
Searching
71%
Tears
71%
the
71%
truth
71%
you
71%
could
57%
friends
57%
hurts"
57%
know
57%
Let's
57%
of
57%
scene
57%
she
57%
This
57%
this
57%
walking
57%
wish
57%
words
57%
bends
43%
dust
43%
"I'm
43%
me"
43%
Time
43%
believe
29%
can't
29%
happening
29%
"how
29%
repeats
29%
replays
29%
suffering?"
29%
til
29%
true"
29%
we'll
29%
we're
29%
"Why
29%
does
14%
end
14%
sad
14%
when
14%
equal
0%
lying
0%
No matching quizzes found
Score Distribution
Percent of People with Each Score
Percentile by Number Answered
Your Score History
You have not taken this quiz